[Event "C'Chartres Blitz op April"]
[Site "Europe Echecs INT"]
[Date "2021.04.10"]
[Round "6"]
[White "Bulmaga, Irina"]
[Black "Jober, Robert"]
[Result "1-0"]
[WhiteElo "2440"]
[BlackElo "1783"]
[PlyCount "39"]
[EventDate "2021.04.10"]
[EventType "swiss (blitz)"]
[EventRounds "11"]
[EventCountry "FRA"]
[SourceTitle "CBM 201 Extra"]
[Source "ChessBase"]
[SourceDate "2021.05.31"]
[SourceVersion "1"]
[SourceVersionDate "2021.05.31"]
[SourceQuality "1"]

1. e4 c5 2. Be2 Nc6 3. f4 g6 4. Nf3 Bg7 5. 0-0 e6 6. c3 Nge7 7. d4 cxd4 8. cxd4 d5 9. e5 0-0 10. Be3 a5 11. Nc3 a4 12. Nxa4 Qa5 13. Nc3 Qb4 14. Qd2 Nf5 15. Bf2 h5 16. a3 Qb3 17. Bd1 Qb6 18. Na4 Qa7 19. Rc1 Ncxd4 20. Nxd4 1-0

[Event "C'Chartres Blitz op April"]
[Site "Europe Echecs INT"]
[Date "2021.04.10"]
[Round "9"]
[White "Jober, Robert"]
[Black "Haussernot, Cecile"]
[Result "0-1"]
[WhiteElo "1783"]
[BlackElo "2171"]
[PlyCount "94"]
[EventDate "2021.04.10"]
[EventType "swiss (blitz)"]
[EventRounds "11"]
[EventCountry "FRA"]
[SourceTitle "CBM 201 Extra"]
[Source "ChessBase"]
[SourceDate "2021.05.31"]
[SourceVersion "1"]
[SourceVersionDate "2021.05.31"]
[SourceQuality "1"]

1. e4 c5 2. Nc3 Nc6 3. Bb5 Nd4 4. Nf3 a6 5. Bd3 b5 6. Nxd4 cxd4 7. Ne2 Qb6 8. a4 Bb7 9. a5 Qc7 10. c3 dxc3 11. dxc3 Nf6 12. Be3 Nxe4 13. Bb6 Qc6 14. f3 Ng5 15. Nd4 Qh6 16. Qd2 Qh4+ 17. Kd1 e6 18. Kc2 Bd6 19. Rae1 Bf4 20. Qe2 Bb8 21. g3 Qh5 22. Rhf1 0-0 23. Rf2 e5 24. g4 Qh3 25. Nf5 Nxf3 26. Ref1 Ng5 27. Ne7+ Kh8 28. Qd2 e4 29. Qxg5 Qxd3+ 30. Kc1 f6 31. Rd1 Qc4 32. Rxd7 Bc6 33. Nxc6 Qxc6 34. Qf5 Be5 35. g5 b4 36. Bd4 bxc3 37. Bxc3 Bxc3 38. bxc3 Qxc3+ 39. Rc2 Qe1+ 40. Rd1 Qe3+ 41. Rdd2 fxg5 42. Qd5 Rf1+ 43. Kb2 Rb8+ 44. Ka2 Rff8 45. Re2 Qd3 46. Qxe4 Qb3+ 47. Ka1 Qb1# 0-1

[Event "C'Chartres Blitz op April"]
[Site "Europe Echecs INT"]
[Date "2021.04.10"]
[Round "2"]
[White "Jober, Robert"]
[Black "Navrotescu, Andreea Cristiana"]
[Result "1-0"]
[WhiteElo "1783"]
[BlackElo "2247"]
[PlyCount "85"]
[EventDate "2021.04.10"]
[EventType "swiss (blitz)"]
[EventRounds "11"]
[EventCountry "FRA"]
[SourceTitle "CBM 201 Extra"]
[Source "ChessBase"]
[SourceDate "2021.05.31"]
[SourceVersion "1"]
[SourceVersionDate "2021.05.31"]
[SourceQuality "1"]

1. e4 e6 2. d4 d5 3. Bd3 c5 4. exd5 exd5 5. c3 Nc6 6. Ne2 Nf6 7. 0-0 h6 8. Bf4 Be7 9. Re1 0-0 10. h3 Qb6 11. Qb3 c4 12. Qxb6 axb6 13. Bc2 b5 14. Nd2 b4 15. Nf3 bxc3 16. Nxc3 Bb4 17. a3 Ba5 18. Re2 Be6 19. Nb5 Bb6 20. Nc7 Rac8 21. Nxe6 fxe6 22. Rxe6 Kf7 23. Rae1 Ne4 24. Rxc6 Rxc6 25. Bxe4 dxe4 26. Rxe4 Kg8 27. Ne5 Rcc8 28. Nd7 Ba7 29. Nxf8 Rxf8 30. Be3 Rc8 31. Re7 Rb8 32. Rc7 Bb6 33. Rxc4 Re8 34. Rb4 Bd8 35. Rxb7 Bf6 36. a4 Rc8 37. b4 Rc4 38. a5 Rc2 39. a6 Ra2 40. b5 Kh7 41. a7 Bh4 42. b6 Bf6 43. Rb8 1-0

[Event "Cappelle Online Blitz op"]
[Site "Europe Echecs INT"]
[Date "2021.03.07"]
[Round "5"]
[White "Asadzade, Idris"]
[Black "Jober, Robert"]
[Result "1/2-1/2"]
[WhiteElo "2188"]
[BlackElo "1783"]
[PlyCount "189"]
[EventDate "2021.03.07"]
[EventType "swiss (blitz)"]
[EventRounds "11"]
[EventCountry "FRA"]
[SourceTitle "CBM 201 Extra"]
[Source "ChessBase"]
[SourceDate "2021.05.31"]
[SourceVersion "1"]
[SourceVersionDate "2021.05.31"]
[SourceQuality "1"]

1. c4 c5 2. Nf3 g6 3. g3 Bg7 4. Bg2 Nc6 5. 0-0 d6 6. Nc3 e5 7. e3 Be6 8. d3 Nge7 9. a3 a5 10. Ne1 d5 11. cxd5 Nxd5 12. Nc2 0-0 13. Bd2 Qd7 14. Rc1 Rfd8 15. Ne4 b6 16. Re1 h6 17. Bf1 f5 18. Nc3 Nf6 19. Qe2 Re8 20. Red1 Bb3 21. Bg2 Rad8 22. Be1 Qc8 23. h3 Kh7 24. Nb1 Rd6 25. Nd2 Qe6 26. Nxb3 Qxb3 27. Bc3 Nd4 28. Qd2 Nxc2 29. Qxc2 Qxc2 30. Rxc2 Nd5 31. Be1 Red8 32. Kf1 Nc7 33. Ke2 Ne6 34. Bc3 a4 35. Rcd2 b5 36. Rc2 Rb8 37. Bd2 b4 38. axb4 cxb4 39. Ra1 Ra6 40. Rc4 a3 41. b3 Rab6 42. Bd5 Nf8 43. Rac1 Nd7 44. e4 Nf6 45. f3 fxe4 46. dxe4 Rd6 47. Bc6 Rc8 48. Bxb4 Rd4 49. Rxd4 exd4 50. Kd2 h5 51. Bd5 Bh6+ 52. f4 Rd8 53. Bc4 Nxe4+ 54. Kd3 Nxg3 55. Bxa3 Nf5 56. Ke4 Re8+ 57. Kf3 Re3+ 58. Kf2 Rxh3 59. Re1 Rh2+ 60. Kf3 Ra2 61. Bc5 Bg7 62. Bd3 Nh4+ 63. Ke4 Ng2 64. Rg1 Ne3 65. Bxd4 Bxd4 66. Kxd4 Nf5+ 67. Bxf5 gxf5 68. b4 Rf2 69. Kc5 Rxf4 70. b5 h4 71. b6 Rf3 72. Rb1 Rc3+ 73. Kd5 Rc8 74. b7 Rb8 75. Ke5 Kg6 76. Kf4 Kf6 77. Rb6+ Kf7 78. Kxf5 h3 79. Rh6 Kg8 80. Rg6+ Kh7 81. Rg3 Rxb7 82. Rxh3+ Kg7 83. Rg3+ Kf7 84. Rh3 Rb5+ 85. Kg4 Rb4+ 86. Kg5 Rb5+ 87. Kf4 Rb4+ 88. Ke5 Rb5+ 89. Kd4 Rb4+ 90. Kc5 Rg4 91. Rf3+ Ke7 92. Re3+ Kd7 93. Rd3+ Kc7 94. Rd4 Rxd4 95. Kxd4 1/2-1/2

[Event "Cappelle Online Blitz op"]
[Site "Europe Echecs INT"]
[Date "2021.03.07"]
[Round "9"]
[White "Maugenest, Ghislain"]
[Black "Jober, Robert"]
[Result "0-1"]
[WhiteElo "2052"]
[BlackElo "1783"]
[PlyCount "75"]
[EventDate "2021.03.07"]
[EventType "swiss (blitz)"]
[EventRounds "11"]
[EventCountry "FRA"]
[SourceTitle "CBM 201 Extra"]
[Source "ChessBase"]
[SourceDate "2021.05.31"]
[SourceVersion "1"]
[SourceVersionDate "2021.05.31"]
[SourceQuality "1"]

1. d4 Nf6 2. c4 c5 3. d5 b5 4. cxb5 a6 5. f3 axb5 6. e4 Qa5+ 7. Bd2 b4 8. Na3 Ba6 9. Nc4 Qc7 10. Nh3 d6 11. Nf2 g6 12. Be2 Bg7 13. 0-0 0-0 14. Qc1 Nbd7 15. Bh6 Bxc4 16. Bxc4 Nb6 17. Bxg7 Kxg7 18. Nd3 Nfd7 19. Kh1 Ra7 20. b3 Rfa8 21. Rf2 h6 22. f4 Nf6 23. Re2 Ra3 24. h3 Kh7 25. Kh2 R8a7 26. Qc2 Qb8 27. Nf2 Qa8 28. Bb5 R7a5 29. Bc6 Qa6 30. Ng4 Nh5 31. g3 c4 32. f5 cxb3 33. Qd2 g5 34. e5 Rxa2 35. Rxa2 Rxa2 36. Qxa2 bxa2 37. Re1 a1Q 38. Rxa1 0-1

[Event "Cappelle Online Rapid op"]
[Site "Europe Echecs INT"]
[Date "2021.03.06"]
[Round "8"]
[White "Jober, Robert"]
[Black "Richard, Maxime"]
[Result "1-0"]
[WhiteElo "1783"]
[BlackElo "1444"]
[PlyCount "55"]
[EventDate "2021.03.06"]
[EventType "swiss (rapid)"]
[EventRounds "9"]
[EventCountry "FRA"]
[SourceTitle "CBM 201 Extra"]
[Source "ChessBase"]
[SourceDate "2021.05.31"]
[SourceVersion "1"]
[SourceVersionDate "2021.05.31"]
[SourceQuality "1"]

1. e4 d5 2. exd5 Qxd5 3. Nf3 Nf6 4. d4 Bg4 5. Be2 Nc6 6. c4 Qf5 7. h3 Bxf3 8. Bxf3 0-0-0 9. Bxc6 Qe6+ 10. Qe2 Qxc6 11. d5 Nxd5 12. 0-0 Nf6 13. Nc3 e6 14. Be3 Bc5 15. Nb5 Kb8 16. b4 Bxe3 17. Qxe3 Qb6 18. Qb3 Ne4 19. Qc2 Nd2 20. Rfd1 a6 21. Rxd2 axb5 22. c5 Qc6 23. Rad1 Rxd2 24. Rxd2 Re8 25. Qxh7 Qa6 26. Qxg7 Qxa2 27. Rxa2 Rd8 28. Qxf7 1-0

[Event "Cappelle Online Bullet op"]
[Site "Europe Echecs INT"]
[Date "2021.03.05"]
[Round "1"]
[White "Agmanov, Zhandos"]
[Black "Jober, Robert"]
[Result "1-0"]
[WhiteElo "2413"]
[BlackElo "1783"]
[PlyCount "63"]
[EventDate "2021.03.05"]
[EventType "swiss (blitz)"]
[EventRounds "15"]
[EventCountry "FRA"]
[SourceTitle "EXT 2022"]
[Source "ChessBase"]
[SourceDate "2021.10.06"]
[SourceVersion "1"]
[SourceVersionDate "2021.10.06"]
[SourceQuality "1"]

1. g3 g6 2. Bg2 Bg7 3. Nf3 Nf6 4. 0-0 0-0 5. d4 d5 6. c4 dxc4 7. Na3 c6 8. Nxc4 b5 9. Nce5 Bb7 10. Be3 Nd5 11. Rc1 Qb6 12. Nd2 e6 13. Ne4 Rd8 14. Nc5 a5 15. Nxb7 Qxb7 16. Qc2 Ra6 17. a3 f6 18. Nd3 Nd7 19. Nc5 Nxc5 20. dxc5 b4 21. a4 b3 22. Qc4 Raa8 23. Rfd1 Rab8 24. Bd2 Qc7 25. e4 Ne7 26. Qxe6+ Kf8 27. Bf4 Rxd1+ 28. Rxd1 Rd8 29. Bxc7 Rxd1+ 30. Bf1 f5 31. Bd6 Bf6 32. Qxf6+ 1-0

[Event "Cappelle Online Bullet op"]
[Site "Europe Echecs INT"]
[Date "2021.03.05"]
[Round "13"]
[White "Gandreuil, Brice"]
[Black "Jober, Robert"]
[Result "1-0"]
[WhiteElo "1488"]
[BlackElo "1783"]
[PlyCount "107"]
[EventDate "2021.03.05"]
[EventType "swiss (blitz)"]
[EventRounds "15"]
[EventCountry "FRA"]
[SourceTitle "EXT 2022"]
[Source "ChessBase"]
[SourceDate "2021.10.06"]
[SourceVersion "1"]
[SourceVersionDate "2021.10.06"]
[SourceQuality "1"]

1. e4 c5 2. Nc3 Nc6 3. g3 g6 4. Bg2 Bg7 5. d3 e6 6. f4 Nge7 7. Nf3 0-0 8. 0-0 d6 9. Be3 b5 10. Qd2 b4 11. Ne2 a5 12. Rab1 Ba6 13. h3 Rb8 14. g4 Qc7 15. b3 f5 16. g5 e5 17. Ng3 d5 18. exf5 d4 19. h4 Nxf5 20. Nxf5 dxe3 21. Nxe3 exf4 22. Nd5 Qd6 23. Nh2 Nd4 24. Nxf4 Nf5 25. Ng4 Bd4+ 26. Kh1 Ng3+ 27. Kh2 Nxf1+ 28. Rxf1 Rf7 29. Bd5 Rbf8 30. Bxf7+ Rxf7 31. Nh6+ Kg7 32. Nxf7 Kxf7 33. Kg2 Be5 34. Nd5+ Kg7 35. Nf6 Bb7+ 36. Ne4 Qd5 37. Qf2 h5 38. Qf8+ Kh7 39. Rf7+ Qxf7 40. Qxf7+ Kh8 41. Kf2 Bxe4 42. dxe4 Bd4+ 43. Ke2 a4 44. e5 Bxe5 45. Qe8+ Kh7 46. Qxe5 c4 47. bxc4 a3 48. c5 b3 49. cxb3 Kg8 50. c6 Kf7 51. c7 Kf8 52. c8Q+ Kf7 53. Qce6+ Kf8 54. Q5f6# 1-0

[Event "Cappelle Online Bullet op"]
[Site "Europe Echecs INT"]
[Date "2021.03.05"]
[Round "8"]
[White "Jober, Robert"]
[Black "Buksa, Nataliya"]
[Result "0-1"]
[WhiteElo "1783"]
[BlackElo "2419"]
[PlyCount "64"]
[EventDate "2021.03.05"]
[EventType "swiss (blitz)"]
[EventRounds "15"]
[EventCountry "FRA"]
[SourceTitle "EXT 2022"]
[Source "ChessBase"]
[SourceDate "2021.10.06"]
[SourceVersion "1"]
[SourceVersionDate "2021.10.06"]
[SourceQuality "1"]

1. e4 c5 2. Nc3 Nc6 3. Bb5 Nd4 4. Nf3 Nxf3+ 5. Qxf3 a6 6. Bd3 e6 7. b3 d6 8. 0-0 Ne7 9. Bb2 Nc6 10. Rfe1 Be7 11. h3 Bf6 12. Rad1 b5 13. a3 0-0 14. Rb1 Bb7 15. Qe2 Nd4 16. Nd1 Nxe2+ 17. Bxe2 Bxb2 18. Rxb2 Qf6 19. d4 cxd4 20. Bd3 Rac8 21. f3 e5 22. Nf2 d5 23. Ng4 Qe6 24. exd5 Bxd5 25. Be4 Bxe4 26. fxe4 f5 27. exf5 Qxf5 28. Rxe5 Qf1+ 29. Kh2 h5 30. Rb1 Qxb1 31. Rxh5 Qxc2 32. Rh8+ Kxh8 0-1

[Event "Cappelle Online Bullet op"]
[Site "Europe Echecs INT"]
[Date "2021.03.05"]
[Round "12"]
[White "Jober, Robert"]
[Black "Levannier Gouel, Marius"]
[Result "1-0"]
[WhiteElo "1783"]
[BlackElo "1676"]
[PlyCount "71"]
[EventDate "2021.03.05"]
[EventType "swiss (blitz)"]
[EventRounds "15"]
[EventCountry "FRA"]
[SourceTitle "EXT 2022"]
[Source "ChessBase"]
[SourceDate "2021.10.06"]
[SourceVersion "1"]
[SourceVersionDate "2021.10.06"]
[SourceQuality "1"]

1. e4 c5 2. Nc3 a6 3. g3 e6 4. Bg2 b5 5. Nh3 Bb7 6. 0-0 b4 7. Ne2 Nf6 8. d3 d5 9. e5 Nfd7 10. f4 Be7 11. Be3 Nc6 12. Qd2 0-0 13. Kh1 Qc7 14. Rae1 Na5 15. g4 d4 16. Bf2 Bxg2+ 17. Kxg2 Qc6+ 18. Kg1 f6 19. Bg3 fxe5 20. fxe5 Rxf1+ 21. Rxf1 Rf8 22. Rxf8+ Kxf8 23. Qf4+ Kg8 24. Ng5 Nf6 25. exf6 Bxf6 26. Ne4 e5 27. Qf5 Nb7 28. g5 Be7 29. h4 Qe8 30. Bh2 Nd6 31. Qe6+ Kh8 32. N2g3 Qf8 33. Kg2 Nxe4 34. Nxe4 h6 35. g6 Qf4 36. Bxf4 1-0

[Event "Cappelle Online Bullet op"]
[Site "Europe Echecs INT"]
[Date "2021.03.05"]
[Round "10"]
[White "Savina, Anastasia"]
[Black "Jober, Robert"]
[Result "1-0"]
[WhiteElo "2333"]
[BlackElo "1783"]
[PlyCount "67"]
[EventDate "2021.03.05"]
[EventType "swiss (blitz)"]
[EventRounds "15"]
[EventCountry "FRA"]
[SourceTitle "EXT 2022"]
[Source "ChessBase"]
[SourceDate "2021.10.06"]
[SourceVersion "1"]
[SourceVersionDate "2021.10.06"]
[SourceQuality "1"]

1. d4 Nf6 2. c4 c5 3. d5 b5 4. cxb5 a6 5. bxa6 g6 6. Nc3 Bg7 7. e4 d6 8. Nf3 Qa5 9. Bb5+ Kf8 10. 0-0 Nxe4 11. Nxe4 Qxb5 12. Re1 Bxa6 13. Bg5 h6 14. Bxe7+ Kg8 15. Nxd6 Qxb2 16. Rb1 Qxa2 17. Qc1 Nd7 18. Ne4 Bd3 19. Rb7 Bxe4 20. Rxd7 Bxf3 21. gxf3 Kh7 22. Qf4 f5 23. Bf6 Rhg8 24. Bxg7 Rxg7 25. Ree7 Qa1+ 26. Kg2 Rag8 27. d6 c4 28. Rxg7+ Rxg7 29. Re7 c3 30. Qe5 Rxe7 31. Qxe7+ Kg8 32. d7 Qg1+ 33. Kxg1 g5 34. d8Q# 1-0

[Event "Ville d'Orsay online Blitz"]
[Site "Europe Echecs INT"]
[Date "2021.02.07"]
[Round "8"]
[White "Hauroo, Harris"]
[Black "Jober, Robert"]
[Result "1/2-1/2"]
[WhiteElo "2131"]
[BlackElo "1783"]
[PlyCount "157"]
[EventDate "2021.02.07"]
[EventType "swiss (blitz)"]
[EventRounds "11"]
[EventCountry "FRA"]
[SourceTitle "CBM 200 Extra"]
[Source "ChessBase"]
[SourceDate "2021.03.31"]
[SourceVersion "1"]
[SourceVersionDate "2021.03.31"]
[SourceQuality "1"]

1. d4 Nf6 2. c4 c5 3. d5 b5 4. cxb5 a6 5. bxa6 Bxa6 6. Nc3 d6 7. e4 Bxf1 8. Kxf1 g6 9. h3 Bg7 10. Nf3 0-0 11. Kg1 Qb6 12. Kh2 Na6 13. Re1 Rfb8 14. e5 Ne8 15. Rb1 Nac7 16. Bg5 f6 17. exf6 exf6 18. Bf4 Nb5 19. Ne4 Rxa2 20. h4 Qd8 21. h5 Nd4 22. Nxd4 cxd4 23. hxg6 hxg6 24. Qxd4 f5 25. Qc4 Qh4+ 26. Kg1 Qxf4 27. Qxa2 fxe4 28. Qa7 Rxb2 29. Rxb2 Bxb2 30. Qe7 Nf6 31. Qe6+ Kg7 32. Qe7+ Kh6 33. Re3 Bd4 34. Re2 Nxd5 35. Qxe4 Qxe4 36. Rxe4 Be5 37. g3 Nc3 38. Re3 Nd5 39. Rd3 Nb4 40. Rb3 Nc2 41. Rd3 Nb4 42. Rd1 d5 43. f4 Bf6 44. Kf2 Kg7 45. Ke3 Kf7 46. Rb1 Nc2+ 47. Kd2 Nd4 48. Rb7+ Ke6 49. g4 g5 50. Rb6+ Kf7 51. Rb7+ Ke6 52. Rb6+ Ke7 53. f5 Nf3+ 54. Ke3 Ne5 55. Re6+ Kf7 56. Ra6 Nxg4+ 57. Kf3 Nh6 58. Ra7+ Be7 59. f6 Kxf6 60. Ra6+ Kg7 61. Ra7 Ng8 62. Ke3 Kg6 63. Kd4 Bf6+ 64. Kxd5 Kf5 65. Kc4 Ne7 66. Kd3 Ng6 67. Ke2 Ne5 68. Kf2 g4 69. Ra5 Bg5 70. Kg2 Bf4 71. Rb5 Ke4 72. Rb4+ Kf5 73. Rb5 Be3 74. Ra5 Ke4 75. Ra4+ Bd4 76. Kg3 Kd5 77. Ra5+ Ke4 78. Rxe5+ Bxe5+ 79. Kxg4 1/2-1/2

[Event "Cappelle Online Blitz op 1st"]
[Site "Europe Echecs INT"]
[Date "2021.01.10"]
[Round "3"]
[White "Jober, Robert"]
[Black "Duquesnoy, Jean Philippe"]
[Result "0-1"]
[WhiteElo "1783"]
[BlackElo "2172"]
[PlyCount "82"]
[EventDate "2021.01.10"]
[EventType "swiss (blitz)"]
[EventRounds "11"]
[EventCountry "FRA"]
[SourceTitle "CBM 200 Extra"]
[Source "ChessBase"]
[SourceDate "2021.03.31"]
[SourceVersion "1"]
[SourceVersionDate "2021.03.31"]
[SourceQuality "1"]

1. e4 c5 2. Nc3 e6 3. f4 a6 4. g3 b5 5. Bg2 Bb7 6. Nh3 Nf6 7. d3 d5 8. e5 Nfd7 9. 0-0 b4 10. Ne2 Be7 11. c3 Qb6 12. Be3 Nc6 13. d4 c4 14. Ng5 h6 15. Nf3 a5 16. f5 0-0-0 17. fxe6 fxe6 18. Nf4 Nf8 19. Bh3 Nb8 20. Qe2 Nbd7 21. Rfc1 Rg8 22. g4 Kb8 23. b3 Ba6 24. bxc4 Bxc4 25. Qd1 g5 26. Nh5 Ng6 27. Nd2 Nf4 28. Nxf4 gxf4 29. Bxf4 Bg5 30. Bxg5 Rxg5 31. Nxc4 dxc4 32. Qf3 Nxe5 33. Qe4 Nxg4 34. Bg2 Qa7 35. Qxe6 Qc7 36. cxb4 Qxh2+ 37. Kf1 Rf8+ 38. Ke1 Qg1+ 39. Kd2 Qxg2+ 40. Kc3 Qf3+ 41. Kxc4 Rc8+ 0-1

[Event "Europe Echecs Blitz Nov op"]
[Site "Europe Echecs INT"]
[Date "2020.11.08"]
[Round "6"]
[White "Jober, Robert"]
[Black "Partac, Elena"]
[Result "1-0"]
[WhiteElo "1783"]
[BlackElo "2079"]
[PlyCount "99"]
[EventDate "2020.11.08"]
[EventType "swiss (blitz)"]
[EventRounds "11"]
[EventCountry "FRA"]
[SourceTitle "CBM 199 Extra"]
[Source "ChessBase"]
[SourceDate "2021.01.31"]
[SourceVersion "1"]
[SourceVersionDate "2021.01.31"]
[SourceQuality "1"]

1. e4 c5 2. Nc3 Nc6 3. Bb5 g6 4. f4 Bg7 5. Nf3 a6 6. Bxc6 dxc6 7. d3 Nf6 8. 0-0 0-0 9. h3 Ne8 10. Be3 b6 11. a4 a5 12. Qe1 Nc7 13. Qh4 Ne6 14. f5 Nd4 15. Bh6 Nxf3+ 16. Rxf3 Qd4+ 17. Kh1 Bxf5 18. Bxg7 Kxg7 19. Qxe7 Be6 20. Raf1 Qd8 21. Qxd8 Raxd8 22. b3 h5 23. Ne2 Rh8 24. Nf4 Bg4 25. Rg3 Bc8 26. Kg1 Rd6 27. Rg5 Kh6 28. h4 Rhd8 29. Re5 Bg4 30. Re7 R8d7 31. Re5 Kg7 32. Rf2 Rd8 33. Re7 R6d7 34. Rxd7 Rxd7 35. Ne2 Re7 36. Ng3 Rd7 37. Kf1 Re7 38. Ke1 f5 39. Kd2 fxe4 40. Nxe4 Bf5 41. Ng5 Kf6 42. Re2 Rd7 43. Re8 b5 44. Ra8 c4 45. axb5 cxb5 46. Rxa5 cxd3 47. c3 Rd5 48. Nf3 Rc5 49. Nd4 Bd7 50. b4 1-0

[Event "Europe Echecs Blitz Nov op"]
[Site "Europe Echecs INT"]
[Date "2020.11.08"]
[Round "8"]
[White "Jober, Robert"]
[Black "Unuk, Laura"]
[Result "0-1"]
[WhiteElo "1783"]
[BlackElo "2346"]
[PlyCount "62"]
[EventDate "2020.11.08"]
[EventType "swiss (blitz)"]
[EventRounds "11"]
[EventCountry "FRA"]
[SourceTitle "CBM 199 Extra"]
[Source "ChessBase"]
[SourceDate "2021.01.31"]
[SourceVersion "1"]
[SourceVersionDate "2021.01.31"]
[SourceQuality "1"]

1. e4 c6 2. d4 d5 3. exd5 cxd5 4. Bd3 Nc6 5. c3 Nf6 6. Ne2 Bg4 7. 0-0 e6 8. Nd2 Bd6 9. Qe1 Qc7 10. f3 Bxh2+ 11. Kh1 Bh5 12. Qh4 Bd6 13. g4 Bg6 14. Bxg6 fxg6 15. Nb3 0-0-0 16. Be3 Rdf8 17. a4 Ne7 18. a5 h5 19. g5 Nf5 20. Qf2 Ng4 21. fxg4 Ng3+ 22. Nxg3 Rxf2 23. Bxf2 Bxg3 24. Kg2 Bxf2 25. Rxf2 hxg4 26. Rh1 Qd8 27. Nc5 Rxh1 28. Kxh1 g3 29. Rf7 Qh8+ 30. Kg1 Qh2+ 31. Kf1 g2+ 0-1

[Event "Europe Echecs Blitz Nov op"]
[Site "Europe Echecs INT"]
[Date "2020.11.08"]
[Round "10"]
[White "Vanneste, Axel"]
[Black "Jober, Robert"]
[Result "0-1"]
[WhiteElo "1395"]
[BlackElo "1783"]
[PlyCount "56"]
[EventDate "2020.11.08"]
[EventType "swiss (blitz)"]
[EventRounds "11"]
[EventCountry "FRA"]
[SourceTitle "CBM 199 Extra"]
[Source "ChessBase"]
[SourceDate "2021.01.31"]
[SourceVersion "1"]
[SourceVersionDate "2021.01.31"]
[SourceQuality "1"]

1. e4 c5 2. Nc3 Nc6 3. Nf3 g6 4. d4 cxd4 5. Nxd4 Bg7 6. Be3 Nf6 7. Bc4 0-0 8. Bb3 Re8 9. Qd2 e6 10. h4 Ng4 11. Bg5 f6 12. Be3 Nxe3 13. fxe3 Ne5 14. 0-0-0 a6 15. h5 Qc7 16. hxg6 hxg6 17. Qf2 b5 18. Nf3 Ng4 19. Qh4 Nxe3 20. Rd2 Kf7 21. g4 Rh8 22. Qe1 Rxh1 23. Qxh1 Qf4 24. Qg1 Qxf3 25. Rd3 Qf1+ 26. Qxf1 Nxf1 27. Kd1 Bb7 28. Ke2 Bc6 0-1

[Event "SLO-chT"]
[Site "Slovenia"]
[Date "1992.??.??"]
[Round "?"]
[White "Furlan, Ales"]
[Black "Jober, Robert"]
[Result "0-1"]
[WhiteElo "2000"]
[BlackElo "2150"]
[PlyCount "51"]
[EventDate "1992.??.??"]
[EventType "team"]
[EventRounds "4"]
[EventCountry "SLO"]
[SourceTitle "EXT 1999"]
[Source "ChessBase"]
[SourceDate "1998.11.16"]
[SourceVersion "1"]
[SourceVersionDate "1998.11.16"]
[SourceQuality "1"]

1. d4 d5 2. Nf3 Nf6 3. Bf4 e6 4. e3 c5 5. c3 Qb6 6. Qc1 Nc6 7. Bd3 Bd7 8. Ne5 Nxe5 9. Bxe5 Bb5 10. Bxb5+ Qxb5 11. a4 Qd3 12. f3 Rc8 13. Kf2 Qf5 14. Bxf6 Qxf6 15. Qf1 a6 16. Qd3 Bd6 17. Nd2 0-0 18. g3 cxd4 19. exd4 e5 20. dxe5 Bxe5 21. Kg2 Rfe8 22. f4 Bxc3 23. bxc3 Rxc3 24. Qxd5 Rd8 25. Ne4 Rc2+ 26. Kf3 0-1